Imternational Financial Management (Record no. 4516)

MARC details
005 - DATE AND TIME OF LATEST TRANSACTION
control field 20250620112638.0
020 ## - INTERNATIONAL STANDARD BOOK NUMBER
International Standard Book Number 978-81-203-4555586-7
082 ## - DEWEY DECIMAL CLASSIFICATION NUMBER
Classification number 658.15SHA
100 ## - MAIN ENTRY--PERSONAL NAME
Author name SHARAN. V
245 ## - TITLE STATEMENT
Title Imternational Financial Management
250 ## - EDITION STATEMENT
Edition statement 6th Ed.
260 ## - PUBLICATION, DISTRIBUTION, ETC.
Place of publication, distribution, etc. New Delh,
Name of publisher, distributor, etc. SHARAN. V,
Date of publication, distribution, etc. 2016.
300 ## - PHYSICAL DESCRIPTION
Extent xvii, 558p,; ill, figure & table
Other physical details Indexes & Glossary
Dimensions 24cm
942 ## - ADDED ENTRY ELEMENTS (KOHA)
Source of classification or shelving scheme Dewey Decimal Classification
Koha item type Books
Holdings
Date last seen Total checkouts Full call number Barcode Cost, replacement price Price effective from Koha item type Lost status Source of classification or shelving scheme Damaged status Not for loan Withdrawn status Home library Current library Shelving location Date acquired Cost, normal purchase price
06/20/2025   658.15SHA DOM0003652 75000.00 06/20/2025 Books   Dewey Decimal Classification       CBE Dodoma CBE Dodoma Special Reserve Collection 07/24/2017 25000.00